| 000 | 00721nam a22001337a 4500 | ||
|---|---|---|---|
| 040 | _cRUA | ||
| 082 | _aAGR THY B535 2015 Or. | ||
| 100 | _aTHY VICHEKA; ធី វិច្ឆិកា | ||
| 245 | _aEffect of irrigation frequencies and nitrogen rates on rice growth and yield in prateah lang soil; ប្រសិទ្ធភាពនៃរបបទឺកស្រោចស្រពផ្សេងៗគ្នា និងកម្រិតអាសូតទៅលើការដុះលូតលាស់ និងទិន្នផលស្រូវលើក្រុមដីប្រទះឡាង | ||
| 260 |
_aRUA _bPhnom Penh _c2015 |
||
| 300 |
_axii ; 41p. _bill. _c29cm. |
||
| 856 | _uTHY VICHEKA | ||
| 942 | _cAGR | ||
| 999 |
_c10989 _d10989 |
||